000 00339nam a2200145Ia 4500
008 210210b1963 xxu||||| |||| 00| 0 eng d
041 _aeng
082 _a829/146
100 _aCOLLINS (W)
245 _aMoonstone
260 _aLondon
_bMacmillan & Co. Ltd.
_c1963
650 _aMoonstone
690 _aEnglish Fiction
906 _a016752
999 _c136432
_d136432